[Event "Wroclaw Black Horse op-B 1st"]
[Site "Wroclaw"]
[Date "2023.02.19"]
[Round "3"]
[White "Mackowiak, Szymon"]
[Black "Bednarczyk, Mateusz"]
[Result "1-0"]
[WhiteElo "1681"]
[BlackElo "1674"]
[PlyCount "153"]
[EventDate "2023.02.18"]
[EventType "swiss"]
[EventRounds "10"]
[EventCountry "POL"]
[SourceTitle "EXT 2024"]
[Source "ChessBase"]
[SourceDate "2023.10.10"]
[SourceVersion "1"]
[SourceVersionDate "2023.10.10"]
[SourceQuality "1"]

1. d4 Nf6 2. c4 g6 3. Nc3 Bg7 4. e4 0-0 5. h3 d6 6. Be3 e5 7. d5 a5 8. g4 Na6 9. f3 Nc5 10. h4 h6 11. Qd2 Kh7 12. Nge2 Ne8 13. Ng3 Bd7 14. h5 g5 15. Be2 Rb8 16. Nb5 b6 17. 0-0 Qc8 18. Rfd1 Nf6 19. Qc3 Ra8 20. a3 a4 21. Bxc5 bxc5 22. Rd2 Qb7 23. b3 Bxb5 24. cxb5 axb3 25. a4 c4 26. Bxc4 Qb6+ 27. Kg2 Ra5 28. Bxb3 Nd7 29. Bd1 Nc5 30. Rda2 Rfa8 31. Qc4 Bf6 32. Nf5 Bd8 33. Ra3 Bf6 34. Ne3 Nd7 35. Qc3 Qd4 36. Qxd4 exd4 37. Nc4 R5a7 38. a5 Ne5 39. Nxe5 Bxe5 40. R1a2 d3 41. a6 Bd4 42. Rxd3 Bc5 43. Rc3 f6 44. Rac2 Bb6 45. Rc6 Rb8 46. f4 gxf4 47. Kf3 Ba5 48. Be2 Kg7 49. Kxf4 Kf7 50. Kf5 Re8 51. Ra2 Be1 52. Kf4 Bf2 53. Rac2 Re7 54. Kf3 Bg1 55. Bf1 Bd4 56. Bh3 Bg1 57. g5 fxg5 58. Bc8 Kf6 59. Bb7 Bb6 60. Rxb6 cxb6 61. Rc6 Raxb7 62. axb7 Rxb7 63. Rxd6+ Ke5 64. Re6+ Kd4 65. d6 Kc5 66. Re7 Rb8 67. e5 Kxb5 68. d7 Rd8 69. e6 Kc6 70. Rh7 Ra8 71. Rxh6 Kd6 72. Ke4 b5 73. Rg6 g4 74. h6 g3 75. h7 Kc7 76. Rxg3 Rh8 77. Rg8 1-0

[Event "Wroclaw Anderssen Memorial"]
[Site "Wroclaw"]
[Date "2022.07.30"]
[Round "7"]
[White "Bednarczyk, Mateusz"]
[Black "Grot, Blazej"]
[Result "0-1"]
[WhiteElo "1925"]
[BlackElo "1818"]
[PlyCount "46"]
[EventDate "2022.07.30"]
[EventType "swiss (rapid)"]
[EventRounds "9"]
[EventCountry "POL"]
[SourceTitle "CBM 209 Extra"]
[Source "ChessBase"]
[SourceDate "2022.09.30"]
[SourceVersion "1"]
[SourceVersionDate "2022.09.30"]
[SourceQuality "1"]

1. e4 c5 2. Nf3 e6 3. d4 cxd4 4. Nxd4 Nc6 5. Nc3 Qc7 6. g3 Nf6 7. Bg2 a6 8. 0-0 Nxd4 9. Qxd4 Bc5 10. Qd3 Be7 11. Be3 d6 12. a4 Bd7 13. a5 Bc6 14. Bb6 Qc8 15. Ne2 Nd7 16. Nd4 Nxb6 17. axb6 0-0 18. Nxc6 Qxc6 19. Qb3 Rac8 20. c3 Qc4 21. Qc2 Qc5 22. Ra4 Qxb6 23. Rb4 Qxb4 0-1

[Event "POL-ch U17 Qual"]
[Site "Jastrzebia Gora"]
[Date "2021.11.20"]
[Round "8"]
[White "Bednarczyk, Mateusz"]
[Black "Szafranski, Maciej"]
[Result "1-0"]
[WhiteElo "1525"]
[BlackElo "1596"]
[PlyCount "49"]
[EventDate "2021.11.15"]
[EventType "swiss"]
[EventRounds "9"]
[EventCountry "POL"]
[SourceTitle "EXT 2023"]
[Source "ChessBase"]
[SourceDate "2022.10.05"]
[SourceVersion "1"]
[SourceVersionDate "2022.10.05"]
[SourceQuality "1"]

1. e4 c5 2. Nf3 d6 3. d4 cxd4 4. Nxd4 Nf6 5. Nc3 a6 6. Bg5 e6 7. f4 Be7 8. Qf3 Nbd7 9. 0-0-0 Qc7 10. f5 Ne5 11. Qh3 Nc6 12. Nxc6 Qxc6 13. Bd3 Bd7 14. e5 dxe5 15. Bxf6 Bxf6 16. Be4 Qc7 17. Rxd7 Qxd7 18. Rd1 Qe7 19. fxe6 fxe6 20. Bxh7 Kf8 21. Rf1 Qf7 22. Kb1 Rd8 23. Ne4 Qd7 24. a4 Ke7 25. Qa3+ 1-0

[Event "Polanica Zdroj op-D 56th"]
[Site "Polanica Zdroj"]
[Date "2020.08.15"]
[Round "1"]
[White "Simon, Marek"]
[Black "Bednarczyk, Mateusz"]
[Result "1-0"]
[WhiteElo "1878"]
[BlackElo "1500"]
[PlyCount "41"]
[EventDate "2020.08.15"]
[EventType "swiss"]
[EventRounds "9"]
[EventCountry "POL"]
[SourceTitle "CBM 198 Extra"]
[Source "ChessBase"]
[SourceDate "2020.11.30"]
[SourceVersion "1"]
[SourceVersionDate "2020.11.30"]
[SourceQuality "1"]

1. d4 Nf6 2. c4 g6 3. Nc3 Bg7 4. e4 0-0 5. Nf3 d6 6. Be2 e5 7. 0-0 Nc6 8. d5 Ne7 9. b4 Nd7 10. a4 f5 11. Ng5 Nf6 12. Bf3 f4 13. c5 h6 14. Ne6 Bxe6 15. dxe6 dxc5 16. bxc5 c6 17. Rb1 Rb8 18. Qd6 Qxd6 19. cxd6 Nc8 20. d7 Ne7 21. Ba3 1-0

[Event "Rubinstein Memorial-D 54th"]
[Site "Polanica Zdroj"]
[Date "2018.08.24"]
[Round "7"]
[White "Barwinska, Ewa"]
[Black "Bednarczyk, Mateusz"]
[Result "1-0"]
[WhiteElo "1451"]
[BlackElo "1451"]
[PlyCount "121"]
[EventDate "2018.08.18"]
[EventType "swiss"]
[EventRounds "9"]
[EventCountry "POL"]
[SourceTitle "EXT 2020"]
[Source "ChessBase"]
[SourceDate "2019.10.17"]
[SourceVersion "1"]
[SourceVersionDate "2019.10.17"]
[SourceQuality "1"]

1. e4 c5 2. Nf3 e6 3. d4 cxd4 4. Nxd4 Nf6 5. Nc3 Nc6 6. Ndb5 Bb4 7. a3 Bxc3+ 8. Nxc3 d5 9. exd5 exd5 10. Bd3 d4 11. Ne4 Bf5 12. Nxf6+ Qxf6 13. Qe2+ Be6 14. 0-0 0-0 15. Bd2 Bf5 16. Rfe1 Bxd3 17. Qxd3 Ne5 18. Qb5 Nc6 19. Rad1 a6 20. Qxb7 Rab8 21. Qxa6 Rxb2 22. Qa4 Qg6 23. Bb4 Nxb4 24. axb4 Rxc2 25. Re8 Rc8 26. Rxf8+ Kxf8 27. Qd7 Qe6 28. Qxd4 h6 29. h3 Qc4 30. Qxc4 Rxc4 31. Rb1 Ke7 32. b5 Rc8 33. Kh2 Rb8 34. Kg3 Rb6 35. f4 Kf6 36. Kf3 h5 37. g4 hxg4+ 38. hxg4 g5 39. f5 Ke5 40. Ke3 f6 41. Rb2 Kd5 42. Kd3 Rd6 43. b6 Kc6+ 44. Kc4 Kb7 45. Kc5 Rd1 46. Rb4 Rf1 47. Kd5 Rf4 48. Rxf4 gxf4 49. Ke4 Kxb6 50. Kxf4 Kc6 51. g5 Kd7 52. g6 Ke7 53. Ke4 Ke8 54. Kd5 Ke7 55. g7 Kf7 56. g8Q+ Kxg8 57. Ke6 Kg7 58. Ke7 Kg8 59. Kxf6 Kf8 60. Kg6 Ke7 61. Kg7 1-0

[Event "POL-chT U20"]
[Site "Kudowa Zdroj"]
[Date "2018.07.25"]
[Round "5.4"]
[White "Bednarczyk, Mateusz"]
[Black "Czernek, Tymon"]
[Result "0-1"]
[WhiteElo "1471"]
[BlackElo "1949"]
[PlyCount "121"]
[EventDate "2018.07.21"]
[EventType "team-tourn"]
[EventRounds "9"]
[EventCountry "POL"]
[SourceTitle "CBM 186 Extra"]
[Source "ChessBase"]
[SourceDate "2018.08.24"]
[SourceVersion "1"]
[SourceVersionDate "2018.08.24"]
[SourceQuality "1"]

1. e4 c5 2. Nf3 d6 3. d4 cxd4 4. Nxd4 Nf6 5. Nc3 a6 6. Be3 e5 7. Nf3 Be7 8. Bc4 0-0 9. 0-0 Qc7 10. Bb3 Nc6 11. Bg5 Be6 12. Bxf6 Bxf6 13. Nd5 Bxd5 14. Bxd5 Ne7 15. Bb3 Ng6 16. Re1 Kh8 17. Nd2 Bg5 18. Nc4 Rad8 19. Qg4 Bh6 20. Ne3 Bxe3 21. Rxe3 b5 22. h4 Ne7 23. Rg3 g6 24. h5 Kg7 25. h6+ Kxh6 26. Qg5+ Kg7 27. Rh3 h5 28. Rxh5 Rh8 29. Rxh8 Rxh8 30. Rd1 Rh5 31. Qd2 Nc8 32. Qd5 Qe7 33. Rd3 Rh8 34. Rf3 f6 35. Qc6 Qa7 36. Be6 Nb6 37. Qxd6 Na4 38. b3 Nc5 39. Bd5 Rf8 40. Rc3 Rc8 41. Bc6 Nxe4 42. Qe6 Qxf2+ 43. Kh2 Rh8+ 44. Rh3 Qg3+ 45. Kg1 Rxh3 46. Qxh3 Qxh3 47. gxh3 Nc3 48. a4 bxa4 49. bxa4 a5 50. Kf2 Kf7 51. Ke3 Ke6 52. Kd3 Nd5 53. Bb7 Kd6 54. h4 f5 55. Kc4 Nc7 56. Bf3 e4 57. Be2 Ke5 58. Kc3 f4 59. h5 f3 60. hxg6 fxe2 61. Kd2 0-1